00677nam a2200241 a 4500001001300000003000900013005001700022008004100039020000900080082001600089100002000105245003000125260003500155300000900190500003500199505001000234650002600244700002000270902000800290942000700298952011500305999001500420nice12345678IN_TiNIC20260116012458.0050524s1985 hyda grp 000 0 urd  ac2000a922.97bKHU aKhundmeri, Alam aIqbal, Kashish Aur Garaiz aHyderabadbIqbal Academyc1985 a160p aincludes index and biblioraphy2 aIndex aIqbal Muhammad-Poetry1 aKhundmeri, Alam bSRS cBK 001040708StackRoom-aHMIbHMId2007-06-06g20.00l0o922.97 KHUp012123r2007-06-06v20.00w2005-05-24yBK c7166d7166